|
|
|
|
| LEADER |
01087cam a2200301 7i4500 |
| 001 |
0000077784 |
| 005 |
20230523090000.0 |
| 020 |
|
|
|a 9780323917735 (electronic book)
|
| 090 |
0 |
0 |
|a R858
|b .S46 2022
|
| 245 |
0 |
0 |
|a Semantic models in IoT and eHealth applications
|c edited by Sanju Tiwari, Fernando Ortiz Rodriguez, M.A. Jabbar.
|
| 264 |
|
|
|a London:
|b Academic Press,
|c 2022.
|
| 300 |
|
|
|a 1 online resource (273 pages):
|b colour illustrations, text file, PDF.
|
| 336 |
|
|
|a text
|2 rdacontent
|
| 337 |
|
|
|a computer
|2 rdamedia
|
| 338 |
|
|
|a online resource
|2 rdacarrier
|
| 490 |
0 |
|
|a Intelligent data centric systems
|
| 650 |
|
0 |
|a Internet of things
|
| 650 |
|
0 |
|a Semantic Web
|
| 650 |
|
0 |
|a Medicine --
|x Data processing
|
| 650 |
|
0 |
|a Medical informatics
|
| 655 |
|
0 |
|a Electronic books
|
| 700 |
1 |
|
|a Tiwari, Sanju
|
| 700 |
1 |
|
|a Rodriguez, Fernando Ortiz
|
| 700 |
1 |
|
|a Jabbar, M.A.
|
| 856 |
4 |
2 |
|u http://library.unisel.edu.my/web/guest/mylibrary
|
| 997 |
|
|
|a Health Sciences, Faculty
|
| 998 |
|
|
|a Biomedical Science, Degree
|
| 999 |
|
|
|a EBO0020199
|b EBOOK
|c EBOOK
|e Electronic resources
|